|
|
|
|
| LEADER |
00000nab a2200000 ar4500 |
| 001 |
vtls009004146 |
| 003 |
SK-MaSNL |
| 005 |
20260319071305.0 |
| 008 |
070621c2007 xo |||||||| 000 b|hun |
| 015 |
|
|
|a SNBRB2007/06
|2 snkbucl
|
| 038 |
|
|
|a SNKBUCL
|
| 040 |
|
|
|a DSZK
|b slo
|c DSZK
|e AACR2
|
| 041 |
0 |
|
|a hun
|
| 044 |
|
|
|a xo
|c SK
|
| 080 |
|
|
|a 282:061.3
|x (=511.141)
|x (437.6)
|2 1997
|
| 100 |
1 |
|
|a Mészáros, Péter,
|d 1978-
|4 aut
|9 840038
|
| 245 |
1 |
0 |
|a Mertünk, tettünk - reményünk beteljesült!
|b sikeres volt az első Magyar Katolikus Nap
|c Mészáros Péter
|
| 300 |
|
|
|b Fotogr.
|
| 611 |
2 |
7 |
|a Maďarský katolícky deň
|d (2007 :
|c Trstice, Slovensko)
|2 snkbucl
|9 1032095
|
| 648 |
|
7 |
|a 2.6.2007
|2 snkbucl
|9 1032096
|
| 648 |
|
7 |
|a 2007
|2 snkbucl
|9 313226
|
| 651 |
|
7 |
|a Trstice (Slovensko)
|2 snkbucl
|9 74336
|
| 773 |
0 |
|
|t Remény
|g Évf. XVIII, sz. 23 (2007), o. 1-2
|x 1335-6534
|
| 852 |
|
|
|a SNK
|b KIS3GCP
|
| 852 |
|
|
|a DSZK
|b KIS3GCP
|
| 958 |
|
|
|a HU
|
| 958 |
|
|
|a SK
|
| 958 |
|
|
|a NT
|
| 999 |
|
|
|c 1751959
|d 1753889
|